Microsoft Front Page 2000. Hướng dẫn thiết kế trang web bằng hình

Wedi'i Gadw mewn:
Manylion Llyfryddiaeth
Prif Awdur: Trương Quang Thiện
Fformat: Llyfr
Cyhoeddwyd: Tp. HCM Thống kê 2000
Pynciau:
Tagiau: Ychwanegu Tag
Dim Tagiau, Byddwch y cyntaf i dagio'r cofnod hwn!
Thư viện lưu trữ: Trung tâm Học liệu Lê Vũ Hùng, Trường Đại học Đồng Tháp
LEADER 00722pam a22002178a 4500
001 00017659
005 20171026081022.0
008 110421s2000 ||||||Viesd
020 |c 42000 
041 0 # |a Vie 
082 1 4 |a 006.7  |b TH308K 
100 0 # |a Trương Quang Thiện 
245 0 0 |a Microsoft Front Page 2000. Hướng dẫn thiết kế trang web bằng hình  |c Trương Quang Thiện 
260 # # |a Tp. HCM  |b Thống kê  |c 2000 
300 # # |a 440 tr.  |c 21 cm. 
653 # # |a Front page 2000 
653 # # |a Thiết kế web 
852 # # |b Kho đọc  |j KD.0003117 
852 # # |j KD.0003117 
910 |d 21/04/2011 
980 # # |a Trung tâm Học liệu Lê Vũ Hùng, Trường Đại học Đồng Tháp